Normal view
MARC view
- PROJECT SUPERVISOR DR. HASAN AFTAB SAEED YASSER RIAZ
Entry Personal Name
001 - CONTROL NUMBER
- control field: 71089
003 - CONTROL NUMBER IDENTIFIER
- control field: NUST
005 - DATE AND TIME OF LATEST TRANSACTION
- control field: 20210628204606.0
008 - FIXED-LENGTH DATA ELEMENTS
- fixed length control field: 210628|| aca||aabn | a|a d
040 ## - CATALOGING SOURCE
- Original cataloging agency: NUST
- Transcribing agency: NUST
100 ## - HEADING--PERSONAL NAME
- Personal name: PROJECT SUPERVISOR DR. HASAN AFTAB SAEED YASSER RIAZ
670 ## - SOURCE DATA FOUND
- Source citation: Work cat.: (NUST): NC MUHAMMAD QASIM KHAN NC SYED KHALILULLAH PROJECT 71087, PR-SOF-1711-DESIGN & FABRICATION OF AUTOMATED FIRE MONITOR AND NOZZLE, 2018
